[Event "Let's Play Chess!"]
[Site "http://www.queenalice.com/game.php?id=1440766"]
[Date "2016.9.12"]
[Round "-"]
[White "Daniel1962"]
[Black "walldi"]
[Result "0-1"]
[WhiteElo "1702"]
[BlackElo "1866"]

1. c4 Nf6 2. Nc3 e6 3. e3 d5 4. cxd5 Nxd5 5. Nxd5 exd5 6. d4 c6 7. Nf3 Bf5 8.
Qb3 Qc7 9. Bd3 Bxd3 10. Qxd3 Bd6 11. Bd2 Nd7 12. O-O Nf6 13. Ng5 Bxh2+ 14. Kh1
Bd6 15. Rac1 h6 16. Nf3 Ne4 17. b4 Qe7 18. Kg1 Bxb4 19. Bxb4 Qxb4 20. Rb1 Qe7
21. Nd2 Nxd2 22. Qxd2 O-O 23. Rb3 Rab8 24. Qa5 a6 25. Rfb1 f5 26. g3 Rf7 27. Qb6
h5 28. Kg2 h4 29. Qa7 Qc7 30. gxh4 g6 31. Rh1 Rh7 32. a4 Qd8 33. Kf1 Ra8 34. Qc5
Qc7 35. Ke2 Re8 36. Qc1 f4 37. Qc2 Qf7 38. Rh3 fxe3 39. fxe3 Rf8 40. Rh2 Qf1+
41. Kd2 Qg1 42. Re2 Rf1 43. a5 Re7 44. Kc3 Rc1 45. Kb4 Rxc2 46. Rxc2 Rxe3 47.
Rbb2 Rd3 48. Rf2 Rxd4+ 49. Kc5 Rf4 50. Rxb7 Qxf2+ 51. Kxc6 Rf6+ 52. Kd7 Rf7+ 53.
Kc6 Qf6+ 54. Kxd5 Rxb7 55. Kc5 Rb5+ 0-1

[Event "Let's Play Chess!"]
[Site "http://www.queenalice.com/game.php?id=1440768"]
[Date "2016.9.12"]
[Round "-"]
[White "chessplayer123"]
[Black "walldi"]
[Result "0-1"]
[WhiteElo "1706"]
[BlackElo "1791"]

1. e4 e5 2. Nf3 Nc6 3. Bb5 Nge7 4. d3 g6 5. Nc3 Bg7 6. Bg5 h6 7. Be3 a6 8. Ba4
O-O 9. a3 d6 10. Qc1 Kh7 11. Nd5 f5 12. Nxe7 Nxe7 13. exf5 Bxf5 14. h3 e4 15.
dxe4 Bxe4 16. Bb3 Nd5 17. Nd4 Qf6 18. f3 Nxe3 19. Qxe3 Qxd4 20. Qxd4 Bxd4 21.
fxe4 Bxb2 22. Rd1 Rae8 0-1

[Event "Let's Play Chess!"]
[Site "http://www.queenalice.com/game.php?id=1440769"]
[Date "2016.9.12"]
[Round "-"]
[White "chessplayer123"]
[Black "walldi"]
[Result "0-1"]
[WhiteElo "1809"]
[BlackElo "1804"]

1. e4 e5 2. Nf3 Nc6 3. Bb5 Nge7 4. c3 a6 5. Ba4 g6 6. d3 Bg7 7. O-O O-O 8. Bg5
h6 9. Be3 d6 10. b4 f5 11. Qc1 f4 12. Bd2 Bg4 13. Bd1 Kh7 14. Na3 Ng8 15. Nc2
Bxf3 16. Bxf3 g5 17. Rb1 Nf6 18. a4 g4 19. Bd1 Ne7 20. f3 h5 21. d4 Ng6 22. d5
gxf3 23. Bxf3 Ng4 24. Ne1 Qh4 25. Bxg4 hxg4 26. c4 f3 27. Nxf3 gxf3 28. Bg5 Qg4
29. Qe3 Qxg2# 0-1

[Event "Let's Play Chess!"]
[Site "http://www.queenalice.com/game.php?id=1440770"]
[Date "2016.9.12"]
[Round "-"]
[White "Taurus"]
[Black "walldi"]
[Result "1-0"]
[WhiteElo "2130"]
[BlackElo "1867"]

1. d4 Nf6 2. c4 e6 3. Nc3 Bb4 4. Bd2 O-O 5. a3 Bxc3 6. Bxc3 Ne4 7. Bb4 d6 8. Qd3
f5 9. d5 a5 10. Bc3 Nxc3 11. Qxc3 e5 12. b4 axb4 13. Qxb4 Nd7 14. e3 Nc5 15. Nf3
Qf6 16. Rb1 Qg6 17. Nxe5 Qf6 18. Nf3 f4 19. Qd2 1-0

[Event "Let's Play Chess!"]
[Site "http://www.queenalice.com/game.php?id=1440772"]
[Date "2016.9.12"]
[Round "-"]
[White "Magro_de_Riga"]
[Black "walldi"]
[Result "1-0"]
[WhiteElo "2156"]
[BlackElo "1892"]

1. e4 c5 2. Nf3 e6 3. d4 cxd4 4. Nxd4 a6 5. Nc3 Qc7 6. Be2 Bb4 7. Qd3 Nf6 8. O-O
Nc6 9. Nxc6 bxc6 10. Rd1 d5 11. exd5 cxd5 12. Nb5 Qe5 13. Qd4 Qxd4 14. Nxd4 Bd7
15. c4 Ke7 16. cxd5 1-0

[Event "Let's Play Chess!"]
[Site "http://www.queenalice.com/game.php?id=1440774"]
[Date "2016.9.12"]
[Round "-"]
[White "walldi"]
[Black "Magro_de_Riga"]
[Result "0-1"]
[WhiteElo "1887"]
[BlackElo "2160"]

1. d4 d5 2. Bf4 Nf6 3. Nf3 e6 4. e3 c5 5. c3 Nc6 6. Bd3 Bd6 7. Bg3 Bxg3 8. hxg3
c4 9. Bc2 Qb6 10. Qc1 O-O 11. Nbd2 h6 12. e4 Ng4 13. e5 f6 14. Rh4 f5 0-1

[Event "Let's Play Chess!"]
[Site "http://www.queenalice.com/game.php?id=1440775"]
[Date "2016.9.12"]
[Round "-"]
[White "walldi"]
[Black "chessplayer123"]
[Result "1-0"]
[WhiteElo "1853"]
[BlackElo "1769"]

1. d4 d5 2. Nf3 Bg4 3. Bf4 e6 4. Nbd2 Nc6 5. e3 f5 6. h3 Bh5 7. c3 Nf6 8. Qb3
Qc8 9. Bb5 Bd6 10. Ne5 Bxe5 11. Bxe5 Qd7 12. Qa4 O-O 13. c4 dxc4 14. Bxc6 bxc6
15. Qxc4 Nd5 16. Rc1 Be8 17. Qc5 Qf7 18. O-O Rb8 19. b3 a6 20. Qa5 Rb6 21. Nc4
Rb8 22. Bg3 f4 23. Ne5 Qh5 24. exf4 Rb6 25. Nc4 Rb8 26. Ne5 Nxf4 27. Bxf4 Rxf4
28. Qxc7 Rb5 29. Qe7 Rf8 30. Qxe6+ Kh8 31. Nxc6 Rbf5 32. Ne5 Bb5 33. Rc8 Bxf1
34. g4 Qxh3 35. Rxf8+ Rxf8 36. Nf7+ 1-0

[Event "Let's Play Chess!"]
[Site "http://www.queenalice.com/game.php?id=1440776"]
[Date "2016.9.12"]
[Round "-"]
[White "walldi"]
[Black "chessplayer123"]
[Result "1-0"]
[WhiteElo "1840"]
[BlackElo "1773"]

1. e4 e5 2. Nc3 d6 3. Bc4 Nf6 4. Nf3 Bg4 5. h3 Bh5 6. d3 h6 7. Be3 Be7 8. g4 Bg6
9. Qd2 c6 10. a3 b5 11. Ba2 a5 12. Nh4 Bh7 13. Nf5 Bxf5 14. gxf5 Na6 15. Ne2 c5
16. Rg1 Rg8 17. Nc3 b4 18. Nd5 Nxd5 19. Bxd5 Rb8 20. Bxh6 Bf6 21. Bg5 Bxg5 22.
Rxg5 Nc7 23. Bc6+ Kf8 24. axb4 f6 25. Rg3 axb4 26. f4 exf4 27. Qxf4 Rb6 28. Bd5
Nxd5 29. exd5 Rb7 30. Re3 Re7 31. Re6 Rh8 32. Qe3 Rh5 33. Qf3 Rg5 34. Kd2 Kf7
35. h4 Rxf5 36. Qxf5 Qd7 37. Rxe7+ Qxe7 38. Qh5+ 1-0

[Event "Let's Play Chess!"]
[Site "http://www.queenalice.com/game.php?id=1440777"]
[Date "2016.9.12"]
[Round "-"]
[White "walldi"]
[Black "Daniel1962"]
[Result "1-0"]
[WhiteElo "1826"]
[BlackElo "1788"]

1. e4 e5 2. Nf3 d6 3. Bc4 Nf6 4. Nc3 a6 5. Ng5 d5 6. exd5 Bd6 7. d3 O-O 8. Nce4
Nxe4 9. dxe4 h6 10. Nf3 Bg4 11. h3 Bxf3 12. Qxf3 b5 13. Bd3 Nd7 14. Qg3 Qf6 15.
O-O Bc5 16. Be3 Be7 17. f4 exf4 18. Bxf4 Qxb2 19. Bxh6 Qd4+ 20. Be3 Qe5 21. Bf4
Qh5 22. Bxc7 Rac8 23. Rf5 Qh6 24. Raf1 f6 25. Bf4 Qh7 26. d6 Bd8 27. e5 Qh8 28.
e6 Bb6+ 29. Kh2 Nb8 30. d7 Nxd7 31. exd7 Rcd8 32. Bd6 Rf7 33. Rxf6 Rdxd7 34.
Rxf7 Rxf7 35. Rxf7 Kxf7 36. Qg6+ Kg8 37. Qe8# 1-0

[Event "Challenge"]
[Site "http://www.queenalice.com/game.php?id=1495300"]
[Date "2017.9.19"]
[Round "-"]
[White "walldi"]
[Black "Foliko"]
[Result "0-1"]
[WhiteElo "1806"]
[BlackElo "2101"]

1. e4 c6 2. Nf3 d5 3. exd5 Qxd5 4. Nc3 Qa5 5. d4 Bf5 6. Bc4 e6 7. Nh4 Ne7 8.
Nxf5 Nxf5 9. g4 Nd6 10. Bd3 Nd7 11. Qe2 Be7 12. Be3 O-O 13. g5 Nb6 14. Qh5 g6
0-1

[Event "Challenge"]
[Site "http://www.queenalice.com/game.php?id=1495303"]
[Date "2017.9.19"]
[Round "-"]
[White "walldi"]
[Black "MSchatz"]
[Result "0-1"]
[WhiteElo "1836"]
[BlackElo "2147"]

1. e4 e5 2. Nf3 Nc6 3. Bb5 a6 4. Ba4 b5 5. Bb3 Bc5 6. c3 Bb7 7. Qe2 Nf6 8. d3 h6
9. Be3 Bxe3 10. fxe3 d6 11. Nbd2 Ne7 12. O-O Ng6 13. a4 O-O 0-1

[Event "Challenge"]
[Site "http://www.queenalice.com/game.php?id=1495309"]
[Date "2017.9.19"]
[Round "-"]
[White "walldi"]
[Black "Scharlatan"]
[Result "0-1"]
[WhiteElo "1815"]
[BlackElo "2001"]

1. e4 e6 2. d4 d5 3. Nc3 dxe4 4. Nxe4 Bd7 5. Nf3 Bc6 6. Bd3 Nd7 7. O-O Ngf6 8.
Ng3 Be7 9. Re1 Bxf3 10. Qxf3 c6 11. c4 O-O 12. b3 Qa5 0-1

[Event "Challenge"]
[Site "http://www.queenalice.com/game.php?id=1495310"]
[Date "2017.9.19"]
[Round "-"]
[White "walldi"]
[Black "LouisLeRouge"]
[Result "0-1"]
[WhiteElo "1846"]
[BlackElo "2096"]

1. e4 d5 2. exd5 Qxd5 3. Nc3 Qd6 4. d4 Nf6 5. Bc4 a6 6. Nge2 b5 7. Bb3 c5 8.
dxc5 Qxd1+ 9. Nxd1 e6 10. Bd2 Bxc5 11. Ne3 O-O 12. Ng3 Bb7 13. O-O Nc6 14. Rad1
Rfd8 15. Bc3 Be7 16. a3 a5 17. Bxf6 Bxf6 18. c3 g6 19. Ne4 Be7 20. Nc2 Ne5 21.
f3 Nd3 22. Rb1 Bxe4 23. fxe4 a4 24. Ba2 Bc5+ 0-1

[Event "Challenge"]
[Site "http://www.queenalice.com/game.php?id=1496204"]
[Date "2017.9.23"]
[Round "-"]
[White "walldi"]
[Black "LouisLeRouge"]
[Result "0-1"]
[WhiteElo "1819"]
[BlackElo "2125"]

1. e4 d5 2. exd5 Qxd5 3. Nc3 Qd6 4. d4 Nf6 5. Nf3 a6 6. g3 Bg4 7. h3 Bh5 8. Bg2
Nc6 9. O-O O-O-O 10. g4 Bg6 11. Be3 e6 0-1

[Event "Challenge"]
[Site "http://www.queenalice.com/game.php?id=1496205"]
[Date "2017.9.23"]
[Round "-"]
[White "walldi"]
[Black "LouisLeRouge"]
[Result "0-1"]
[WhiteElo "1823"]
[BlackElo "2122"]

1. d4 Nf6 2. Nf3 c5 3. d5 e6 4. c4 exd5 5. cxd5 d6 6. Nc3 a6 7. a4 Qe7 8. Nd2
Nbd7 9. e4 g6 10. Be2 Bg7 11. O-O O-O 12. f4 Rb8 13. a5 b6 0-1

[Event "Challenge"]
[Site "http://www.queenalice.com/game.php?id=1496206"]
[Date "2017.9.23"]
[Round "-"]
[White "LouisLeRouge"]
[Black "walldi"]
[Result "1-0"]
[WhiteElo "2116"]
[BlackElo "1832"]

1. e4 c5 2. Nf3 e6 3. g3 a6 4. Bg2 Qc7 5. O-O Nc6 6. c3 Nf6 7. Re1 e5 8. d4 cxd4
9. cxd4 exd4 10. e5 Ng8 11. Bf4 Qb6 12. Nbd2 Nge7 13. Nc4 Qa7 14. Nd6+ 1-0

[Event "Challenge"]
[Site "http://www.queenalice.com/game.php?id=1496207"]
[Date "2017.9.23"]
[Round "-"]
[White "LouisLeRouge"]
[Black "walldi"]
[Result "1-0"]
[WhiteElo "2119"]
[BlackElo "1827"]

1. e4 c5 2. Nf3 d6 3. Bb5+ Bd7 4. Bxd7+ Qxd7 5. c4 Nf6 6. Nc3 Nc6 7. d4 cxd4 8.
Nxd4 g6 9. f3 Bg7 10. Be3 O-O 11. O-O Rac8 12. b3 a6 13. Nxc6 1-0